000 00296nam a2200121Ia 4500
008 220613s9999||||xx |||||||||||||| ||und||
100 _aMARK FELDMAN
245 0 _aSLEISENGER & FORTRAN GASTROINTESTIONAL& LIVER DISEASES
250 _a8TH VOL2
300 _a2889
650 _aGastro
942 _cMEDI
999 _c7723
_d7723